Biblioteca ESET

Juntacadáveres / (Registro nro. 870)

Detalles MARC
000 -CABECERA
fixed length control field 00862nam a22002535a 4500
001 - NUMERO DE CONTROL
control field 000833516
003 - CONTROL NUMBER IDENTIFIER
control field AR-BeUNQ
005 - FECHA Y HORA DE LA ULTIMA TRANSACCION
control field 20230908173622.0
007 - CAMPO FIJO DE DESCRIPCION FIJA - INFORMACION GENERAL
fixed length control field ta
008 - ELEMENTOS DE LONGITUD FIJA-INFORMACION GENERAL
fixed length control field 230908s1995 sp gr 00| f spa
020 ## - NUMERO INTERNACIONAL NORMALIZADO PARA LIBROS
Número Internacional Normalizado del libro 8447308413
040 ## - FUENTE DE CATALOGACION
Agencia de catalogación original AR-BaBN
Idioma de catalogación ESPAÑOL
Agencia que realiza la transcripción AR-BaBN
Convenciones de la descripción aacr
Agencia que realiza la modificación AR-BeUNQ
100 1# - ASIENTO PRINCIPAL-NOMBRE PERSONAL
Nombre personal Onetti, Juan Carlos,
Fecha asociada al nombre 1909-1994
Término relacionador aut.
Relationship autH
245 10 - MENCION DE TITULO
Título Juntacadáveres /
Mención de responsabilidad, etc Juan Carlos Onetti
260 ## - PUBLICACION, DISTRIBUCION, ETC.
Lugar de publicación, distribución, etc. Barcelona :
Nombre del editor, distribuidor, etc. RBA
-- Planeta,
Fecha de publicación, distribución, etc 1995.
300 ## - DESCRIPCION FISICA
Extensión 187 p. ;
Dimensiones 22 cm.
490 ## - MENCION DE SERIE
Mención de serie Grandes escritores argentinos y latinoamericanos. Narrativa contemporánea ;
Designación numérica/secuencial del volumen 7
650 ## - ASIENTO SECUNDARIO DE MATERIA - TERMINO TEMATICO
Fuente del encabezamiento o términ tell
Término temático o nombre geográfico como elemento de entrada Literatura latinoamericana
650 ## - ASIENTO SECUNDARIO DE MATERIA - TERMINO TEMATICO
Fuente del encabezamiento o términ tell
Término temático o nombre geográfico como elemento de entrada Novelas
651 ## - ASIENTO SECUNDARIO DE MATERIA - NOMBRE GEOGRAFICO
Fuente del encabezamiento o término spines
Nombre geográfico Uruguay
830 ## - ASIENTO SECUNDARIO DE SERIE--TITULO UNIFORME
Título uniforme Grandes escritores argentinos y latinoamericanos. Narrativa contemporánea ;
Designación numérica/secuencial del volumen 7
929 ## - DATOS DE ADQUISICION
Procedencia DONACION
Proveedor Perla Kerekes
Precio 200,00
Patrimonio UNQ PAT0080455
Es copia 1
Número de inventario 61464
942 ## - ELEMENTOS DE PUNTO DE ACCESO ADICIONAL (KOHA)
Tipo de ítem Koha Libros
Existencias
Estado de retiro Estado de pérdida Ubicación permanente Ubicación actual Ubicación en estantería Fecha de ingreso Total Checkouts Signatura topográfica completa Inventario Date last seen Número de copia Tipo de ítem Koha Operador
    Biblioteca ESET - UNQ Biblioteca ESET - UNQ CIRCULACION 08/09/2023   U 863 ONE 61464 08/09/2023 1 Libros GS

ESET UNQ

☏ 4365-7188
 Avenida República de Francia 1714 entre Doctor Kenny y Concordia, Ezpeleta, Bs As.
✉ secretaria_eset@unq.edu.ar

Con tecnología Koha